Dallas Cowboys Season Records - Statistics

General Stats
  • This quiz has been taken 37 times
    12 since last reset
  • The average score is 36 of 66
Answer Stats
Year Answer % Correct
2025 Losing
100%
2024 Losing
100%
2023 Winning
100%
2022 Winning
100%
2021 Winning
100%
2020 Losing
92%
2019 Losing
92%
2015 Losing
92%
2018 Winning
92%
2017 Winning
92%
2016 Winning
92%
2014 Winning
92%
2013 Tied
67%
2012 Tied
58%
2011 Tied
58%
2009 Winning
58%
2010 Losing
50%
2004 Losing
50%
2002 Losing
50%
2001 Losing
50%
2000 Losing
50%
1999 Tied
50%
2008 Winning
50%
2007 Winning
50%
2006 Winning
50%
2005 Winning
50%
2003 Winning
50%
1997 Losing
42%
1990 Losing
42%
1989 Losing
42%
1988 Losing
42%
1987 Losing
42%
1986 Losing
42%
1964 Losing
42%
1963 Losing
42%
1962 Losing
42%
1961 Losing
42%
1960 Losing
42%
1965 Tied
42%
1998 Winning
42%
1996 Winning
42%
1995 Winning
42%
1994 Winning
42%
1993 Winning
42%
1992 Winning
42%
1991 Winning
42%
1985 Winning
42%
1984 Winning
42%
1983 Winning
42%
1982 Winning
42%
1981 Winning
42%
1980 Winning
42%
1979 Winning
42%
1978 Winning
42%
1977 Winning
42%
1976 Winning
42%
1975 Winning
42%
1974 Winning
42%
1973 Winning
42%
1972 Winning
42%
1971 Winning
42%
1970 Winning
42%
1969 Winning
42%
1968 Winning
42%
1967 Winning
42%
1966 Winning
42%
No matching quizzes found
Score Distribution
Percent of People with Each Score
Percentile by Number Answered
Your Score History
You have not taken this quiz since the last reset